00261nam a2200109Ia 4500008004100000100002400041245003000065260002000095650001400115942000700129999001500136190216s9999||||xx |||||||||||||| ||und|| aTranslately G Leile 0aPhysical Chemistry(Vol 1) bMir Pubs Moscow aChemistry cBK c2112d2112